| 000 | 00567 a2200169 4500 | ||
|---|---|---|---|
| 020 | _a0387298517 | ||
| 020 | _a9780387298511 | ||
| 082 | _a512.7 | ||
| 090 |
_c1234 _d1234 |
||
| 100 | 1 | _aCoppel, W.A. | |
| 245 | 1 | 0 |
_aNumber theory : _ban introduction to mathematics : _bpart a / _cW.A. Coppel. |
| 260 |
_a[S.l.] : _bSpringer, _c2006. |
||
| 300 |
_a368 p. ; _c26 cm. |
||
| 700 | _aCoppel, W.A. | ||
| 942 |
_aSNS _cBK _k512.7 COP |
||
| 999 |
_c29847 _d29847 |
||